Využitie aplikácie virtuálnej reality ako príspevok pri zvládaní fóbií

Salvato in:
Dettagli Bibliografici
Autore principale: Janecký, Dominik (Autore)
Altri autori: Kučera, Erik (Relatore della tesi)
Natura: Manoscritto Libro
Lingua:slovacco
Pubblicazione: Bratislava : STU v Bratislave FEI, 2021
Soggetti:
Accesso online:https://opac.crzp.sk/?fn=detailBiblioForm&sid=1CB25EF4639541CD29CFB4031481&seo=CRZP-detail-kniha
Tags: Aggiungi Tag
Nessun Tag, puoi essere il primo ad aggiungerne!!

MARC

LEADER 00000ntm a22000003a 4500
001 stuzp82176
003 SK-STU
005 20211208101255.4
007 ta
008 150427s2015----xo-----f-mn---000-0-slo-d
040 |a STU  |b slo 
041 0 |a slo 
044 |a xo 
100 1 |a Janecký, Dominik  |u 030400  |4 aut  |U FEI Fakulta elektrotechniky a informatiky  |T FEI Ústav automobilovej mechatroniky  |X 85870  |U E400  |Y 642  |7 85870 
242 0 1 |a Using a virtual reality application as a contribution to managing phobias  |y eng 
245 1 0 |a Využitie aplikácie virtuálnej reality ako príspevok pri zvládaní fóbií 
260 |a Bratislava :  |b STU v Bratislave FEI,  |c 2021 
300 |a 145 s., príl. 
650 4 |a virtuálna realita  |2 slo 
650 4 |a fóbie  |2 slo 
650 4 |a návrh a vývoj aplikácie  |2 slo 
650 4 |a výskum  |2 slo 
650 4 |a virtual reality  |2 eng 
650 4 |a phobias  |2 eng 
650 4 |a research  |2 eng 
650 4 |a application design and development  |2 eng 
700 1 |a Kučera, Erik  |u 030400  |k Z1  |4 ths  |U FEI Fakulta elektrotechniky a informatiky  |T FEI Ústav automobilovej mechatroniky  |X 55901  |U E400  |Y 642  |7 A000055901 
856 4 |u https://opac.crzp.sk/?fn=detailBiblioForm&sid=1CB25EF4639541CD29CFB4031481&seo=CRZP-detail-kniha